Пер Гюнт (Запись № 13282007)

Подробности
000 -МАРКЕР
контрольное поле 02753njm0a22005291 4500
001 - ИДЕНТИФИКАТОР ЗАПИСИ
контрольное поле RU\NLR\ONIZ\196516
005 - ИДЕНТИФИКАТОР ВЕРСИИ
контрольное поле 20260504062752.0
035 ## - ДРУГИЕ СИСТЕМНЫЕ НОМЕРА
Идентификатор записи (NLR Aleph) 010404276
035 ## - ДРУГИЕ СИСТЕМНЫЕ НОМЕРА
Идентификатор записи RU\NLR\ONIZ\GALA\5000002813\20110225194186
071 00 - ИЗДАТЕЛЬСКИЙ НОМЕР
Номер, присвоенный агентством CDMAN 111
100 ## - ДАННЫЕ ОБЩЕЙ ОБРАБОТКИ
Данные общей обработки 20110225d1997 |||y0rusy50 ca
102 ## - СТРАНА ПУБЛИКАЦИИ ИЛИ ПРОИЗВОДСТВА
Страна публикации Российская Федерация
126 ## - ПОЛЕ КОДИРОВАННЫХ ДАННЫХ: ЗВУКОЗАПИСИ - ФИЗИЧЕСКИЕ ХАРАКТЕРИСТИКИ
Кодированные данные звукозаписи (общие) aguxhxu ux
Кодированные данные звукозаписи (уточнения) xxx
127 ## - ПОЛЕ КОДИРОВАННЫХ ДАННЫХ: ПРОДОЛЖИТЕЛЬНОСТЬ ЗВУКОЗАПИСЕЙ И НОТНЫХ ИЗДАНИЙ (МУЗЫКАЛЬНОЕ ИСПОЛНЕНИЕ)
Продолжительность 000055
135 ## - ПОЛЕ КОДИРОВАННЫХ ДАННЫХ: ЭЛЕКТРОННЫЕ РЕСУРСЫ
Кодированные данные для электронного ресурса honoannnanndn
200 1# - ЗАГЛАВИЕ И СВЕДЕНИЯ ОБ ОТВЕТСТВЕННОСТИ
Основное заглавие Пер Гюнт
Общее обозначение материала Звукозапись
Параллельное заглавие Peer Gynt
Сведения, относящиеся к заглавию сюиты № 1, 2
-- из музыки к драме Ибсена "Пер Гюнт"
-- op. 46, op. 55
Язык параллельного заглавия английский
210 ## - ПУБЛИКАЦИЯ, РАСПРОСТРАНЕНИЕ И ДР.
Место издания, распространения и т.д. С.-Петерб.
Имя издателя, распространителя и т. д. Манчестер
Дата издания, распространения и т.д. 1997
215 ## - ФИЗИЧЕСКАЯ ХАРАКТЕРИСТИКА
Специфическое обозначение материала и объем 1 зв. диск (55 мин.), в футл.
Сопроводительный материал прил. (2 с.)
225 1# - СЕРИЯ
Основное заглавие серии Classical Gallery
225 1# - СЕРИЯ
Основное заглавие серии Популярная классическая музыка
300 ## - ОБЩИЕ ПРИМЕЧАНИЯ
Текст примечания Записи1993 г.
325 ## - ПРИМЕЧАНИЕ О КОПИИ
Текст примечания Копия доступна в Электрон. б-ке РНБ
423 #0 - ИЗДАЕТСЯ В ОДНОЙ ОБЛОЖКЕ ВМЕСТЕ С ...
Встроенное поле 2001#$aИз времён Хольберга$eсюита$eop. 40$fЭ. Григ$g[оба произв.] исполн.: Акад. симф. орк. Санкт-Петерб. филарм., дир. В. Альтшулер
-- 686##$aЩ951.1-043(4Нр)$vLBC/SL$2rubbk
Заглавие Из времён Хольберга
686 ## - ИНДЕКСЫ ДРУГИХ КЛАССИФИКАЦИЙ
Индекс Щ951.1-043я44(4Нр)
Издание LBC/SL
Код системы
700 #1 - ИМЯ ЛИЦА - ПЕРВИЧНАЯ ОТВЕТСТВЕННОСТЬ
Код отношения Композитор
Материалы, к которым относится поле rus
Графика поля Кириллица
Начальный элемент ввода Григ
Часть имени, кроме начального элемента ввода Э.
Даты 1843-1907
Расширение инициалов личного имени Эдвард
Идентификатор авторитетной/нормативной записи RU\NLR\AUTH\77110520
Системный номер авторитетной/нормативной записи 93445
702 #1 - ИМЯ ЛИЦА - ВТОРИЧНАЯ ОТВЕТСТВЕННОСТЬ
Системный номер авторитетной/нормативной записи z07790
Начальный элемент ввода Альтшулер
Часть имени, кроме начального элемента ввода В. А.
Дополнения к именам, кроме дат дирижер
Даты 1946-
Расширение инициалов личного имени Владимир Абрамович
Код отношения Дирижер, Руководитель оркестра
702 #1 - ИМЯ ЛИЦА - ВТОРИЧНАЯ ОТВЕТСТВЕННОСТЬ
Код отношения Автор
Материалы, к которым относится поле rus
Графика поля Кириллица
Начальный элемент ввода Ибсен
Часть имени, кроме начального элемента ввода Г.
Расширение инициалов личного имени Генрик
Даты 1828-1906
Идентификатор авторитетной/нормативной записи RU\NLR\AUTH\7729701
Системный номер авторитетной/нормативной записи 12729
702 #1 - ИМЯ ЛИЦА - ВТОРИЧНАЯ ОТВЕТСТВЕННОСТЬ
Начальный элемент ввода Альтшулер
Часть имени, кроме начального элемента ввода В. А.
Дополнения к именам, кроме дат дирижер
Даты 1946-
Расширение инициалов личного имени Владимир Абрамович
Код отношения Дирижер, Руководитель оркестра
712 02 - НАИМЕНОВАНИЕ ОРГАНИЗАЦИИ - ВТОРИЧНАЯ ОТВЕТСТВЕННОСТЬ
Начальный элемент ввода Academic Symphony Orchestra of ST. Peterburg Philharmony
Код отношения Исполнитель
712 02 - НАИМЕНОВАНИЕ ОРГАНИЗАЦИИ - ВТОРИЧНАЯ ОТВЕТСТВЕННОСТЬ
Начальный элемент ввода Академический симфонический оркестр Санкт-Петербургской филармонии
Код отношения Исполнитель
790 #1 - ИМЯ ЛИЦА - АЛЬТЕРНАТИВНАЯ ФОРМА
Системный номер авторитетной/нормативной записи z01700
Начальный элемент ввода Grieg
Часть имени, кроме начального элемента ввода E.
Даты 1843-1907
Расширение инициалов личного имени Edward
Код отношения Композитор
790 #1 - ИМЯ ЛИЦА - АЛЬТЕРНАТИВНАЯ ФОРМА
Системный номер авторитетной/нормативной записи z07702
Начальный элемент ввода Altschuler
Часть имени, кроме начального элемента ввода V.
Дополнения к именам, кроме дат conductor
Даты 1946-
Расширение инициалов личного имени Vladimir
Код отношения Дирижер, Руководитель оркестра
790 #1 - ИМЯ ЛИЦА - АЛЬТЕРНАТИВНАЯ ФОРМА
Системный номер авторитетной/нормативной записи z08702
Начальный элемент ввода Ibsen
Часть имени, кроме начального элемента ввода H. J.
Даты 1828-1906
Расширение инициалов личного имени Henrik Johan
Код отношения Автор
801 #0 - ИСТОЧНИК ЗАПИСИ
Страна Российская Федерация
Организация NLR
Дата составления 20110225
Правила каталогизации PSBO
801 #1 - ИСТОЧНИК ЗАПИСИ
Страна Российская Федерация
Организация NLR
Дата составления 20110225
Источник данных rusmarc
801 #2 - ИСТОЧНИК ЗАПИСИ
Страна Российская Федерация
Организация NLR
Дата составления 20151105
852 ## - МЕСТОНАХОЖДЕНИЕ И ШИФР ХРАНЕНИЯ
Идентификатор организации NLR
Наименование фонда или коллекции (Sub-Location Identifier) Мг
Шифр хранения (Call Number) Д/1175
Страна
Номер экземпляра 1
856 #0 - МЕСТОНАХОЖДЕНИЕ ЭЛЕКТРОННЫХ РЕСУРОВ И ДОСТУП К НИМ
Универсальный идентификатор ресурса (Uniform Resource Identifier) http://vivaldi.nlr.ru/mk000000283/view
856 #1 - МЕСТОНАХОЖДЕНИЕ ЭЛЕКТРОННЫХ РЕСУРОВ И ДОСТУП К НИМ
Универсальный идентификатор ресурса (Uniform Resource Identifier) http://vivaldi.nlr.ru/mk000000283/cover
856 #2 - МЕСТОНАХОЖДЕНИЕ ЭЛЕКТРОННЫХ РЕСУРОВ И ДОСТУП К НИМ
Универсальный идентификатор ресурса (Uniform Resource Identifier) http://vivaldi.nlr.ru/mk000000283/text
942 ## - ДОПОЛНИТЕЛЬНЫЕ ЭЛЕМЕНТЫ ЗАПИСИ (АБИС)
Тип экземпляра АБИС Звукозапись
980 ## - КОЛЛЕКЦИЯ
Название коллекции Национальная библиография
980 ## - КОЛЛЕКЦИЯ
Название коллекции Отдел нот и звукозаписей
981 24 - КОЛЛЕКЦИЯ ЭЛЕКТРОННОЙ БИБЛИОТЕКИ
Название коллекции Нотные издания и аудиозаписи
Название подколлекции Грампластинки
Экземпляры
Тип экземпляра Дата поступления Библиотека постоянного хранения Библиотека текущего хранения Место хранения Шифр хранения Статус экземпляра
Звукозапись 25.02.2011 РНБ (Московский) РНБ (Московский) Фонд нот и звукозаписей Д/1175 Д/1175